Pahang Tenggara Regional Masterplanning Study : Forestry development in Pahang Tenggara; v. II

Bibliographic Details
Corporate Authors: MALAYSIA, The State of Pahang, Malaysia
Format: Book
Published: (Toronto, Canada : FENCO , n.d.)
Subjects:

MARC

LEADER 00000cam a2200000 7i4500
001 0000001726
005 20011107.0
090 0 0 |a 634.9595123   |b MAL (n. d.) 
110 1 0 |a MALAYSIA 
245 1 0 |a Pahang Tenggara Regional Masterplanning Study :   |b Forestry development in Pahang Tenggara; v. II 
260 0 0 |a (Toronto, Canada :   |b FENCO ,   |c n.d.) 
300 |a Unnumbered :   |b maps ;   |c 29 cm. 
650 0 0 |a Forest management   |z Pahang 
650 0 0 |a Regional development   |z Pahang 
710 1 1 |a The State of Pahang, Malaysia 
998 |a JPSM 
999 |a 0000002658   |b Monograph   |c Open Shelf   |e Default branch